LIBRARY & INFORMATION CENTRE, KCAET, TAVANUR

ONLINE PUBLIC ACCESS CATALOGUE (OPAC)

Real analysis / (Record no. 3042)

MARC details
000 -LEADER
fixed length control field 00505cam a2200193ua 4500
020 ## - INTERNATIONAL STANDARD BOOK NUMBER
ISBN 0 07 451981 6
041 ## - LANGUAGE CODE
Language code of text/sound track or separate title eng
082 ## - DEWEY DECIMAL CLASSIFICATION NUMBER
Classification number 515.8
Item number SIR/RE
100 ## - MAIN ENTRY--AUTHOR NAME
Personal name Siri , Krishan Wasan .
245 ## - TITLE STATEMENT
Title Real analysis /
250 ## - EDITION STATEMENT
Edition statement 1 /
260 ## - PUBLICATION, DISTRIBUTION, ETC. (IMPRINT)
Place of publication New Delhi :
Name of publisher Tata Mc-Graw Hill Publishing Company ,
Year of publication 1985.
300 ## - PHYSICAL DESCRIPTION
Number of Pages 330 ; .
700 1# - ADDED ENTRY--PERSONAL NAME
Personal name Ravi, Prakash .
942 ## - ADDED ENTRY ELEMENTS (KOHA)
Koha item type Books
Holdings
Withdrawn status Lost status Damaged status Home library Current library Date acquired Full call number Accession Number Koha item type
      KAUAET KAUAET 07/04/2012 515.8 17751 Books
free website counter